Quizzes
Events
Quiz Creation
Community
Videos
Private Events
Remove Ads
Sign In
Join for FREE
Feedback
Dark Mode
Quiz Categories
Sports
Geography
Music
Movies
Television
Just For Fun
Miscellaneous
History
Literature
Language
Science
Gaming
Entertainment
Religion
Holiday
For Kids
Quiz Lab
Recent
Popular Today
Quiz Kudos Today
Editor Picks
Curator Picks
Quizzes by...
Day
Popularity
Type
Ratings
Length
Year
Community
Subscriptions
Recent Discussions
Orange Saloon
Badges
Playlists
Quests
Create
Leaderboards
Showdown
Live 5
Trivia Bingo
Activity
Puzzle Library
Sporcle Events
Private Events
Virtual Trivia
Globe League
Become a Host
Pub Owners
SporcleCon
Opinionation
Our Games
Videos
Blog
Mobile Apps
Partnerships
Remove Ads and Go Orange
Feedback
Music
Pop Music
The Beatles
Song
Album
Lyrics
Bands
Singers
Artist
Clip
Rock
Rap
Classical
Billboard
Country Music
Kpop
Taylor Swift
Music
Pop Music
The Beatles
Song
Album
Lyrics
Bands
Singers
Artist
Clip
Rock
Rap
Classical
Billboard
Country Music
Kpop
Taylor Swift
Random Quiz
Search Sporcle
×
Quiz Lab
Quiz Lab
Music
Billboard
Type in answers that appear in a list
Type in answers that appear in a list
Classic
Best Score? Go Orange.
2009 US No.1s Stats
Can you name the the songs which topped the Billboard Hot 100 in 2009?
By
Vespking
5m
53 Questions
344 Plays
344 Plays
344 Plays
Comments
Comments
Give Quiz Kudos
Give Quiz Kudos
-
- Ratings
hide this ad
More Info
Replay
Link that replays current quiz
Next Quiz
Link to next quiz in quiz playlist
You Got
0%
They Got
Avg Score
83%
Avg Friend Score
Upgrade to see
Score Distribution
Jump to the score distribution portion of the page
Score
0/53
Timer
05:00
0
Plays Today
Issue Date
Song Title
% Correct
April 18th 2009
Boom Boom Pow
90.7%
April 25th 2009
Boom Boom Pow
90.7%
May 2nd 2009
Boom Boom Pow
90.7%
May 9th 2009
Boom Boom Pow
90.7%
May 16th 2009
Boom Boom Pow
90.7%
May 23rd 2009
Boom Boom Pow
90.7%
May 30th 2009
Boom Boom Pow
90.7%
June 6th 2009
Boom Boom Pow
90.7%
June 13th 2009
Boom Boom Pow
90.7%
June 20th 2009
Boom Boom Pow
90.7%
June 27th 2009
Boom Boom Pow
90.7%
July 4th 2009
Boom Boom Pow
90.7%
January 17th 2009
Just Dance
88.4%
January 24th 2009
Just Dance
88.4%
January 31st 2009
Just Dance
88.4%
July 11th 2009
I Gotta Feeling
87.8%
July 18th 2009
I Gotta Feeling
87.8%
July 25th 2009
I Gotta Feeling
87.8%
August 1st 2009
I Gotta Feeling
87.8%
August 8th 2009
I Gotta Feeling
87.8%
August 15th 2009
I Gotta Feeling
87.8%
August 22nd 2009
I Gotta Feeling
87.8%
August 29th 2009
I Gotta Feeling
87.8%
September 5th 2009
I Gotta Feeling
87.8%
September 12th 2009
I Gotta Feeling
87.8%
September 19th 2009
I Gotta Feeling
87.8%
September 26th 2009
I Gotta Feeling
87.8%
Issue Date
Song Title
% Correct
October 3rd 2009
I Gotta Feeling
87.8%
October 10th 2009
I Gotta Feeling
87.8%
November 7th 2009
Fireflies
87.5%
November 21st 2009
Fireflies
87.5%
December 27th 2008
Single Ladies (Put A Ring On It)
86.9%
January 3rd 2009
Single Ladies (Put A Ring On It)
86.9%
January 10th 2009
Single Ladies (Put A Ring On It)
86.9%
April 11th 2009
Poker Face
82.8%
November 28th 2009
Empire State Of Mind
82.3%
December 5th 2009
Empire State Of Mind
82.3%
December 12th 2009
Empire State Of Mind
82.3%
December 19th 2009
Empire State Of Mind
82.3%
December 26th 2009
Empire State Of Mind
82.3%
February 28th 2009
Right Round
77.6%
March 7th 2009
Right Round
77.6%
March 14th 2009
Right Round
77.6%
March 21st 2009
Right Round
77.6%
March 28th 2009
Right Round
77.6%
April 4th 2009
Right Round
77.6%
October 17th 2009
Down
75%
October 31st 2009
Down
75%
February 7th 2009
My Life Would Suck Without You
65.7%
February 14th 2009
My Life Would Suck Without You
65.7%
November 14th 2009
Whatcha Say
64.8%
October 24th 2009*
3
57.8%
February 21st 2009
Crack A Bottle
54.4%
Quiz Playlist
Details
Report
Send in Message
Add To Playlist
More Info:
(*) You'll have to enter Britney Spears' song as a word because it doesn't work as a number for some reason, sorry.
Classic:
Type in answers that appear in a list
Quiz Source
Last Updated: Feb 16, 2017
Quiz Scoreboard
CHALLENGE
Sign Up to Join the Scoreboard
Show All
Scores
Hide
Comments
May contain spoilers
Recently Published
Pick 6: Fruits
by JohnFran
Miscellaneous
15s
Click the 1999 NBA Draft
by nibperrychub
Sports
2m
Alphabetical 'K' Countries by Flag Minefield
by ylime102
Geography
3m
More to Explore
Quiz From the Vault
Featured Blog Post
15 Basketball Trivia Facts You Can Be March Mad About
hide this ad
You Might Also Like...
Tags
Artist Quiz
Billboard Quiz
Song Quiz
100
2009
date
issue
No 1
Top 100
Topped
Today's Top Quizzes in Music
Browse Music
hide this ad
Today's Top Quizzes in Billboard
Browse Billboard
Top Contributed Quizzes in Music
1
Taylor Swift All Songs (2024)
2
KPOP LOGIC QUIZ
3
A Taylor Swift Logic Puzzle
4
K-Pop Murder Mystery Logic Quiz
5
Taylor Swift Logic Puzzle
6
Guess the Taylor Swift song (Mystery Song)
7
Guess The Taylor Swift Lyrics Song #1
8
NCT 2020 Logic Puzzle
9
Joni Mitchell—'Car on a Hill' Lyrics
10
kpop group name match up
Explore More
Trending Topics
NBA
Harry Potter
Crossword
Marvel
Kpop
Disney
Anime
Soccer
WWE
Song
NFL
Pokémon
The Office
Country
Puzzle
hide this ad
More By:
Vespking
Quiz
Plays
Rating
Category
Featured
Created
2009 US No.1s
344
3.75
Music
Apr 8, 2010
2009 UK No.1s
283
5.00
Music
Feb 21, 2010
Go to Creator's Profile
Score Distribution
Quiz Creator Spotlight
Vespking
Follow
Send a Message
Quizzes Created
-
Created Quiz Play Count
-
More By This Creator
Popular Quizzes Today
1
Find the US States - No Outlines Minefield
2
Countries of Asia Without Outlines Minefield
3
Pick 6: Fruits
4
Alphabetical 'K' Countries by Flag Minefield
5
The Countries of the World
6
Find the US States
7
Match the Book to the Film X
8
US States
More Music Quizzes
Musicals By My Favorite Song
Quiz Lab
Trending Quizzes
Pick 6: Mountains
Pick 6: Harry Potter
Pick 6: NFL Teams
Pick 6: Movie Franchises
Pick 6: Golfers
Recently Updated
NWSL Teams
pecheneg
Women's Final Four Teams by Year
bhenderson79
Presidents Quartet II
eogle
Anything But Clue(do)
eogle
Anything But Oceanian Capitals
eogle
Anything But 7
eogle
Anything But Thing
eogle
Word Ladder: February 29
pecheneg
Song Title Questions
pecheneg
Women's NCAA Tournament #1 Seeds
pecheneg
Trending Topics
Anime
NBA
Harry Potter
Disney
Kpop
Crossword
Marvel
Soccer
WWE
The Office
Song
Country
Pokémon
NFL
Puzzle
Your Account Isn't Verified!
In order to create a playlist on Sporcle, you need to verify the email address you used during registration. Go to your
Sporcle Settings
to finish the process.
Report this User
Report this user for behavior that violates our
Community Guidelines
.
Details:
Send Report
Go to the Sporcle.com Mobile Site →
Comments